000
00261nam a2200097Ia 4500
001
769178
005
20250826165432.0
008
250824s9999 xx 000 0 und d
245
0
_a
BİLİMİN İLK KAŞİFLERİ 3
_c
ZEHRA AYDÜZ
260
_b
UĞUR BÖCEĞİ YAYINLARI
999
_c
769178
_d
769178